| 000 | 00336nam a2200109Ia 4500 | ||
|---|---|---|---|
| 008 | 171204s9999 xx 000 0 und d | ||
| 245 | _aEmpathy as Dialogue in Theatre and Performance: | ||
| 245 | _cLindsay B. Cummings | ||
| 260 | _c2016 | ||
| 650 | _xINTRODUCTION TO THEATRE ARTS | ||
| 856 | _uhttp://down.ebook777.com/043/1137593253.pdf | ||
| 999 |
_c346149 _d346149 |
||